Deena's lucky penny / (Record no. 4821)
[ view plain ]
| 000 -LEADER | |
|---|---|
| fixed length control field | 01030nam a22002777a 4500 |
| 001 - CONTROL NUMBER | |
| control field | 4821 |
| 003 - CONTROL NUMBER IDENTIFIER | |
| control field | FISKH |
| 005 - DATE AND TIME OF LATEST TRANSACTION | |
| control field | 20241016145535.0 |
| 008 - FIXED-LENGTH DATA ELEMENTS--GENERAL INFORMATION | |
| fixed length control field | 241016b cb ||||| |||| 00| 0 eng d |
| 020 ## - INTERNATIONAL STANDARD BOOK NUMBER | |
| International Standard Book Number | 9781575650913 |
| 040 ## - CATALOGING SOURCE | |
| Original cataloging agency | FISKH |
| Language of cataloging | eng |
| Transcribing agency | FISKH |
| Modifying agency | FISKH |
| 050 ## - LIBRARY OF CONGRESS CALL NUMBER | |
| Classification number | PZ7.D4475 |
| 082 ## - DEWEY DECIMAL CLASSIFICATION NUMBER | |
| Classification number | 408 |
| 100 ## - MAIN ENTRY--PERSONAL NAME | |
| Personal name | deRubertis, Barbara |
| Dates associated with a name | (1939-2021) |
| 245 ## - TITLE STATEMENT | |
| Title | Deena's lucky penny / |
| Statement of responsibility, etc. | by Barbara deRubertis illustrated by Joan Holub and Cynthia Fisher |
| 250 ## - EDITION STATEMENT | |
| Edition statement | First published in 1999 |
| 260 ## - PUBLICATION, DISTRIBUTION, ETC. | |
| Place of publication, distribution, etc. | New York : |
| Name of publisher, distributor, etc. | Kane Press, |
| Date of publication, distribution, etc. | 1999. |
| 300 ## - PHYSICAL DESCRIPTION | |
| Extent | 32 pages : |
| Other physical details | Color illustrations ; |
| Dimensions | 23 cm |
| 505 ## - FORMATTED CONTENTS NOTE | |
| Formatted contents note | J<br/> |
| 520 ## - SUMMARY, ETC. | |
| Summary, etc. | While pondering how to buy her mother a birthday present with no money, Deena find a penny and follows a process of discovery about how pennies add up to nickels, which add up to dimes, all the way up to four quarters making a dollar. |
| 521 8# - TARGET AUDIENCE NOTE | |
| Target audience note | 470L<br/> |
| Source | Lexile<br/> |
| 650 ## - SUBJECT ADDED ENTRY--TOPICAL TERM | |
| Source of heading or term | Money |
| Topical term or geographic name entry element | Math |
| 700 ## - ADDED ENTRY--PERSONAL NAME | |
| Personal name | Holub, Joan and Fisher, Cynthia |
| Dates associated with a name | Illoustrator |
| 942 ## - ADDED ENTRY ELEMENTS (KOHA) | |
| Source of classification or shelving scheme | Dewey Decimal Classification |
| Koha item type | Books |
| Suppress in OPAC | No |
| Withdrawn status | Lost status | Source of classification or shelving scheme | Damaged status | Not for loan | Collection | Home library | Current library | Shelving location | Date acquired | Total Checkouts | Full call number | Barcode | Date last seen | Date last checked out | Copy number | Price effective from | Koha item type |
|---|---|---|---|---|---|---|---|---|---|---|---|---|---|---|---|---|---|
| Dewey Decimal Classification | Fiction | Footprints International School Library Network Toul Kork Campus | Footprints International School Library Network Toul Kork Campus | TK Primary Library Room(4th Floor), Bookcase 1&2, Shelves 1-16, Dark Blue Books | 10/16/2024 | 3 | DER 408 PZ7.D4475 | 2024-2151 | 05/28/2025 | 05/21/2025 | 1 | 10/16/2024 | Books |
